Réseaux de transports de France - Statistiques

Statistiques générales
  • Ce quiz a été pris 85 fois
  • Le résultat moyen est 15 sur 37
Statistiques - réponses
Par images Réponse % Correct
Paris
96%
Nice
78%
Lyon
76%
Lille
74%
Bordeaux
66%
Marseille
66%
Grenoble
65%
Strasbourg
60%
Toulouse
59%
Montpellier
56%
Nantes
56%
Rennes
46%
Toulon
46%
Orléans
43%
Nancy
41%
Metz
38%
Tours
38%
Amiens
34%
Brest
34%
Saint-Etienne
34%
Dijon
31%
Besançon
29%
Clermont-Ferrand
29%
Angers
28%
Caen
28%
Le Mans
28%
Mulhouse
26%
Nîmes
26%
Rouen
26%
Reims
24%
Limoges
22%
Annecy
19%
Le Havre
19%
Avignon
18%
Perpignan
18%
Saint-Denis
12%
Nouméa
6%
Aucun quiz correspondant
Distribution des résultats
% des personnes avec chaque résultat
Percentile par nombre de réponses
Votre historique - résultats
Vous n’avez pas pris ce quiz